| 000 | 00463nam a2200133 i 4500 | ||
|---|---|---|---|
| 001 | 115708 | ||
| 003 | ES-MaACL | ||
| 007 | t| | ||
| 008 | 070504s1933 sp ||||1| spa d | ||
| 245 | 0 | 3 |
_aUn gran triunfo de Colombia _b: los derechos de Colombia y la actitud del gobierno del Perú juzgados por la Sociedad de Naciones y los Estados Unidos de América. |
| 260 |
_aMadrid : _bJuan Pueyo, _c1933. |
||
| 300 |
_a100, IV p. ; _c20 cm. |
||
| 852 |
_aES-MaACL _jB-8149 |
||
| 999 |
_c115708 _d115708 |
||